Al Held (Record no. 4568)

MARC details
000 - LÍDER
campo de control de longitud fija 00799nam a2200205Ia 4500
008 - ELEMENTOS DE DATOS DE LONGITUD FIJA - INFORMACIÓN GENERAL
campo de control de longitud fija 0000001988 usa 0000000000eng00
020 ## - INTERNATIONAL STANDARD BOOK NUMBER
International Standard Book Number 915041049
090 ## - NÚMERO DE LLAMADA DE TIPO LC LOCALMENTE ASIGNADO (OCLC)
Número de clasificación (OCLC) (R) PUS00 H24a
100 1# - ENTRADA PRINCIPAL - NOMBRE PERSONAL
Nombre de la persona Held, Al
Fechas asociadas a un nombre 1928
245 10 - TÍTULO DECLARACIÓN
Título Al Held
Resto del título : new paintings
Declaración de responsabilidad / photographs Steven Slommann
260 ## - PUBLICACIÓN, DISTRIBUCIÓN
Lugar de publicación New York : Donald Morris Gallery
Fecha de publicación 1988
300 ## - DESCRIPCIÓN FÍSICA
Alcance [34] p.
Dimensiones / 27
500 ## - NOTA GENERAL
Nota general Exposición realizada en Donald Morris Gallery, Abril 23 Mayo 28, 1988 \ Con el patronazgo del maestro venezolano Jesús Rafael Soto (q.e.p.d.)
600 00 - ENTRADA DE SUJETO AÑADIDO - NOMBRE PERSONAL
Nombre de la persona HELD, AL, 1928200/
Subdivisión general TRABAJOS PICTORICOS
650 14 - ENTRADA DE SUJETO AÑADIDO - TÉRMINO TÓPICO
Término tópico o elemento de entrada del nombre geográfico ARTE CONTEMPORANEO ESTADOUNIDENSE
650 14 - ENTRADA DE SUJETO AÑADIDO - TÉRMINO TÓPICO
Término tópico o elemento de entrada del nombre geográfico PINTORES ESTADOUNIDENSES
650 14 - ENTRADA DE SUJETO AÑADIDO - TÉRMINO TÓPICO
Término tópico o elemento de entrada del nombre geográfico PINTURA ABSTRACTA ESTADOUNIDENSE
650 14 - ENTRADA DE SUJETO AÑADIDO - TÉRMINO TÓPICO
Término tópico o elemento de entrada del nombre geográfico PINTURA ESTADOUNIDENSE
700 1# - ENTRADA AGREGADA - NOMBRE PERSONAL
Nombre de la persona Slommann, Steven
Holdings
Estado de retirada Pérdida de estatus Estado dañado No para préstamo Código de recogida Ubicación permanente Ubicación actual Ubicación de las estanterías Fecha de adquisición Número de llamada completo Código de barras Fecha de la última vez que se vio Número de copia Precio efectivo desde Tipo de artículo Koha
        General ArtNexus ArtNexus General 06/09/2022 P-US-00 H24A 4572 06/09/2022 Ej.1 06/09/2022 Libro

Powered by Koha